Statistics for Premier League Table - 2019/20

Click here to take the quiz!

General Stats

  • This quiz has been taken 30 times
  • The average score is 18 of 20

Answer Stats

PlacementClub% Correct
8Arsenal
100%
4Chelsea
100%
12Everton
100%
1Liverpool
100%
2Manchester City
100%
3Manchester United
100%
6Tottenham Hotspur
100%
15Brighton & Hove Albion
96%
5Leicester City
96%
11Southampton
93%
7Wolverhampton Wanderers
93%
17Aston Villa
89%
16West Ham United
89%
10Burnley
86%
14Crystal Palace
86%
13Newcastle United
86%
20Norwich City
86%
18Bournemouth
82%
9Sheffield United
75%
19Watford
75%

Score Distribution

Percentile by Number Answered

Percent of People with Each Score

Your Score History

You have not taken this quiz